| 000 | 00503nam a2200181 a 4500 | ||
|---|---|---|---|
| 001 | 2382 | ||
| 003 | CDMR | ||
| 005 | 20131023133337.0 | ||
| 008 | 130130s1986||||||||||||||||||||||||||||d | ||
| 040 |
_aCDMR _bcat _cCDMR |
||
| 100 | 1 |
_aLópez-Escobar, Esteban _9157 |
|
| 245 | 1 | 3 | _aLa televisión por cable en América y Europa |
| 260 |
_aMadrid _c1986 _bFundesco |
||
| 650 | 0 | 4 |
_91004 _aTelevisió _zEstats Units |
| 650 | 0 | 4 |
_93711 _aTelevisió _zEuropa |
| 650 | 0 | 4 |
_94157 _aTelevisió per cable |
| 942 |
_cMON _2udc |
||
| 999 |
_c2382 _d2382 |
||